| 000 | 00744nam a22002177a 4500 | ||
|---|---|---|---|
| 005 | 20150616165151.0 | ||
| 008 | 140714b xxu||||| |||| 00| 0 Urdu d | ||
| 010 | _aUR-9072 | ||
| 020 |
_c325.00 _a9789380934334 |
||
| 035 | _aU-7627 | ||
| 037 | _bDBAD | ||
| 040 |
_aDPL _bUrdu |
||
| 082 | _a808.88 | ||
| 100 | _aمر تبہ:لطف ا لر حمن | ||
| 245 |
_aفنو ن لطيفہ ا و ر تخليقی تخيل _cمر تبہ:لطف ا لر حمن |
||
| 246 | h |
_aFunoon-e-Latifa aur Takhliqi Takhaiyul _bBy Lutfurrahman |
|
| 260 |
_bM.R.Publications _c2011 _aNew Delhi |
||
| 270 |
_a1645,Patudi House,Darya Ganj, _bNew Delhi _k9810784549 _e110002 |
||
| 300 |
_a179ص _c22Cm (Hb) |
||
| 942 |
_2ddc _cUR _e _h808.88 _mل ط ف |
||
| 999 |
_c94314 _d94314 |
||